000
00277nam a2200109Ia 4500
008
200302s9999 xx 000 0 und d
100
_a
Henri Stierlin & Other
245
_a
Living Architecture Ancient Mexican
260
_b
Macdonald & Co. Ltd.
260
_c
1968
300
_a
192 P.,
999
_c
142
_d
142